| 000 | 00825nam a22002777a 4500 | ||
|---|---|---|---|
| 001 | 9944 | ||
| 003 | FISKH | ||
| 005 | 20260319090120.0 | ||
| 008 | 260319b cb ||||| |||| 00| 0 eng d | ||
| 040 |
_aFISKH _beng _cFISKH _dFISKH |
||
| 050 | _aPZ8.3 .B7 .H | ||
| 082 | _a813.00 | ||
| 100 |
_aBoynton, Sandra _eAuthor |
||
| 245 |
_aHippos go berserk! / _cby Sandra Boynton |
||
| 260 |
_aNew York : _bLittle Simon , _c1977 |
||
| 300 |
_a28 unnumbered pages : _bcolor illustrations ; _c13 x 16 cm |
||
| 490 |
_aBoynton board books : _v1 |
||
| 505 | _aG | ||
| 520 | _aLarger and larger groups of hippos join a lone hippopotamus for a party. | ||
| 521 | 8 |
_a330
_bLexile AD |
|
| 521 | 8 |
_aG
_bRaz-Plus |
|
| 650 |
_aChildren's board book _vCounting |
||
| 650 |
_aKids _vMath |
||
| 942 |
_2ddc _cBK _n0 |
||
| 999 |
_c9944 _d9944 |
||